01136nam a2200241Ia 4500001000600000003000900006008004100015040001300056040001300069041001300082100002100095100002900116245001800145245001800163250001100181260001200192260001500204260004900219300005700268500051000325650002800835650003100863B6784IT-RoPAU130308s9999 xx 000 0 und d aIT-RoPAU cIT-RoPAU aITALIANO aD'Agostini Paolo gCodice Aut. SPICS: 7629 aAndrzej Wajda bAndrzej Wajda a1a ed. aFIRENZE bIl Castoro c1993 [1° Ed.:1993 - Ed.Ling.Originale:1993] a"150 p. (prefazione: no ; testo: 150 [pagine: 0-0])" aVita e Opere del Grande regista Polacco. Parole di Wajda: memorie degli Anni di ferro (1978/1989). trilogia della Guerra, la Stagione Romantica: Generazione, I Dannati di Varsavia, Cenere e Diamanti. Passato e Presente: Lotna, Ingenui Perversi, Samson, L'Amora a Vent'Anni. lontano Dalla Polonia Contemporanea, Stagione Epica. tutto in vendita in Memoria dell'Amico Zbyszek.Stagione Lirica e Nuova Stagione Creativa. Stagione Politica. Anni Ottantatra Silenzi e Grandi Metafore. Filmografia e Videografia. aAUTORI/OPERE DEL CINEMA eCodice materia Spics: 6807